000 00905nam a2200241Ia 4500
003 OSt
005 20220923214958.0
006 a|||||r|||| 00| 0
007 ta
008 220922b |||||||| |||| 00| 0 hin d
024 _a174,478
037 _cTextual
040 _aARTS
_cARTS
_bhin
041 _2hin
_ahin
082 _aO152,6N171:g, L0
100 _aत्रिपाठी, जयशंकर
245 0 _aदेवराज उपाध्याय साहित्य शास्त्र के नये प्रश्न
_b सिद्धान्त
246 _aDevarāj upādhyāya sāhitya shāstra ke naye prashna: siddhānta: parakh aur vishleṣhaṇa
260 _c1970
650 _aहिन्दी साहित्य
_9156264
942 _hO152,6N171:g, L0
_cTEXL
_2CC
999 _c328249
_d328249